000 00524nam a22001697a 4500
020 _a9781138803374
082 _a891.733
_bSTE/P
100 _aStephen K Carter
245 _aThe political and social thought of F M Dostoevsky/
_cby Stephen K Carter
260 _aNew York:
_bGarland Publishing,
_c1991.
300 _a300p.
490 _aRoutledge library editions: Tolstoy and Dostoevsky
650 _aEast Indo European and Celtic Literature
650 _aLiterature East Slavic
650 _aLiterature
942 _cBK
999 _c68443
_d68443